Nationalities of Players in Champions League 2025/26 - Statistics

General Stats
  • This quiz has been taken 132 times
  • The average score is 59 of 80
Answer Stats
# Answer % Correct
67 England
98%
53 Brazil
97%
56 France
97%
93 Spain
97%
13 Sweden
96%
30 Argentina
95%
45 Germany
94%
43 Italy
94%
1 Mexico
94%
29 Norway
94%
48 Portugal
94%
5 Canada
93%
4 Russia
93%
39 Belgium
92%
8 Japan
92%
46 Netherlands
92%
9 United States of America
92%
13 Morocco
91%
23 Denmark
90%
2 Egypt
90%
1 Finland
90%
2 South Korea
89%
6 Ukraine
89%
7 Colombia
88%
5 Poland
87%
3 Scotland
87%
4 Slovakia
87%
9 Switzerland
87%
8 Uruguay
87%
11 Greece
85%
1 Ireland
85%
14 Turkey
85%
6 Algeria
84%
8 Austria
84%
10 Croatia
84%
9 Nigeria
83%
1 Slovenia
83%
3 Hungary
82%
11 Senegal
80%
2 Wales
79%
2 Romania
78%
1 Albania
77%
8 Ghana
77%
17 Czechia
76%
5 Ecuador
76%
6 Serbia
76%
1 Iran
74%
1 Iceland
72%
4 Bosnia and Herzegovina
71%
2 Cameroon
71%
2 Tunisia
71%
1 Peru
70%
1 South Africa
70%
5 Georgia
69%
8 Cote d'Ivoire
66%
3 Montenegro
65%
3 Cyprus
64%
2 Kosovo
64%
1 DR Congo
63%
14 Kazakhstan
63%
1 Panama
63%
1 North Macedonia
62%
5 Israel
61%
2 Gabon
57%
1 Republic of the Congo
57%
6 Azerbaijan
56%
1 Armenia
54%
1 Uzbekistan
52%
2 Belarus
51%
1 Guinea
50%
1 Luxembourg
48%
1 Liberia
39%
1 Burkina Faso
34%
1 Gambia
33%
2 Mozambique
31%
3 Cape Verde
30%
1 Central African Republic
30%
1 Syria
30%
1 Zimbabwe
30%
1 Curacao
13%
No matching quizzes found
Score Distribution
Percent of People with Each Score
Percentile by Number Answered
Your Score History
You have not taken this quiz